Benign and pathological chromosomal imbalances: imcroscopic and submicrospic copy number variations(CNVs) in genetics and counseling (Record no. 30847)

MARC details
000 -LEADER
fixed length control field 00750nam a2200181 a 4500
008 - FIXED-LENGTH DATA ELEMENTS--GENERAL INFORMATION
fixed length control field 160217s2014 ||||||||||||||||| || u
020 ## - INTERNATIONAL STANDARD BOOK NUMBER
International Standard Book Number 9780124046313
050 ## - LIBRARY OF CONGRESS CALL NUMBER
Classification number QH 430 Lie
100 ## - MAIN ENTRY--PERSONAL NAME
Personal name Liehr, Thomas
245 10 - TITLE STATEMENT
Title Benign and pathological chromosomal imbalances: imcroscopic and submicrospic copy number variations(CNVs) in genetics and counseling
Statement of responsibility, etc. By Thomas Liehr
260 ## - PUBLICATION, DISTRIBUTION, ETC.
Place of publication, distribution, etc. Amsterdam:
Name of publisher, distributor, etc. Elsevier
Date of publication, distribution, etc. 2014
300 ## - PHYSICAL DESCRIPTION
Extent xix, 199p.: ill.
350 ## -
-- 99.95
650 #0 - SUBJECT ADDED ENTRY--TOPICAL TERM
Topical term or geographic name entry element GENETICS
650 ## - SUBJECT ADDED ENTRY--TOPICAL TERM
Topical term or geographic name entry element VARIATION (BIOLOGY)
650 ## - SUBJECT ADDED ENTRY--TOPICAL TERM
Topical term or geographic name entry element DNA COPY NUMBER VARIATIONS
995 ## -
-- MEDICAL LIBRARY OPEN ACCESS
-- 903448
-- CBU-SCHOOL OF MEDICINE LIBRARY (Ndola)
-- 99.95
-- QH 430 Lie
-- 1
-- AVAILABLE
-- Feb 18, 2016
-- 903448
-- Medical Library Open Access Collection
999 ## -
-- 30847
-- 30847
Holdings
Withdrawn status Lost status Source of classification or shelving scheme Damaged status Not for loan Permanent Location Current Location Shelving location Date acquired Total Checkouts Full call number Barcode Date last seen Price effective from Koha item type
          CBU-SCHOOL OF MEDICINE LIBRARY, NDOLA. CBU-SCHOOL OF MEDICINE LIBRARY, NDOLA.   11/30/2022   QH 430 Lie 903448 11/30/2022 11/30/2022 MONOGRAPH